00462 2200193 4500001002100000005001500021008004100036020002200077035001900099041000700118082001600125090001600141100001900157245001800176250000600194260002900200300002600229650001300255INLIS00000000001499620241224114842241224||||||||| | ||| |||| || |  a978-602-1201-11-4 0010-1224014996 aid0 a158.1 ZAE h a158.1 ZAE h0 aZaenuddin H. M00aHappy Morning a1 aJakartabRene Bookc2014 aviii, 152 hlm.; 21 cm 0aFilsafat